CS:GO HLTV MVPs - Statistics

General Stats
  • This quiz has been taken 220 times
  • The average score is 32 of 75
Answer Stats
MVPs Player First MVP % Correct
11 s1mple ESL One: New York 2016
97%
11 ZywOo cs_summit 4
90%
18 device PGL CS:GO Championship Series Kick-off Season
89%
10 GeT_RiGhT Electronic Sports World Cup 2012
82%
7 NiKo SL i-League StarSeries Season 3 Finals
80%
10 kennyS Esports Heaven: Birmingham
78%
6 olofmeister DreamHack Open Summer 2015
78%
8 coldzera MLG Columbus 2016
75%
3 JW DreamHack Winter 2013
75%
4 flusha StarLadder StarSeries X
72%
2 dupreeh ESL Pro League Season 7: Finals
70%
4 FalleN DreamHack Austin 2016
70%
2 Magisk BLAST Pro Series Lisbon 2018
70%
3 pashaBiceps StarLadder StarSeries VIII
70%
8 f0rest DreamHack Valencia 2012
65%
7 Snax Gfinity G3
65%
2 NEO CEVO Season 7: Professional
63%
1 ropz ESL Pro League Season 10: Finals
61%
1 electronic ICE Challenge 2020
60%
4 shox StarLadder StarSeries VII
59%
1 fer ECS Season 3 Finals
56%
1 friberg ESL One: Cologne 2014
55%
2 rain ELEAGUE CS:GO Premier 2017
55%
1 gla1ve IEM Season XIV - Beijing
54%
1 Xyp9x IEM Katowice 2017
54%
4 Happy DreamHack Winter 2014
53%
5 KRIMZ FACEIT League - Season 2
53%
2 Twistzz ESL One: New York 2018
52%
1 karrigan FACEIT League 2015 Stage I Finals
51%
1 tarik ELEAGUE Major: Boston 2018
51%
8 GuardiaN Game Show League Season 1
50%
4 NBK- ESL Major Series One - Summer 2013
48%
2 Stewie2K DreamHack Denver 2017
47%
4 EliGE DreamHack Masters Dallas 2019
46%
1 Kjaerbye ELEAGUE Major: Atlanta 2017
46%
1 AdreN PGL Major Kraków 2017
44%
1 HObbit DreamHack Winter 2016
43%
1 Scream ECS Season 1 Finals
43%
2 Dosia StarLadder StarSeries V
41%
2 flamie ESL ESEA Pro League Season 2: Finals
40%
5 NAF StarLadder i-League Invitational #2
40%
2 Xizt Thor Open 2012
38%
1 huNter- cs_summit 5
36%
2 kioShiMa Electronic Sports World Cup 2013
32%
1 Jame BLAST Pro Series Moscow 2019
30%
1 HEN1 ESL Pro League Season 12: North America
29%
1 boltz CEVO Pro League Season 9
25%
2 CeRq IEM Shanghai 2018
25%
1 autimatic ESL Pro League Season 4: Finals
24%
2 k0nfig EPICENTER 2016
24%
3 Brehze cs_summit 3
23%
2 oskar ESG Tour Mykonos 2017
23%
1 woxic CS:GO Asia Championships 2019
23%
2 Ethan StarSeries & i-League CS:GO Season 8
22%
1 sergej StarSeries & i-League CS:GO Season 6
22%
1 mou Acer Predator Masters Season 1
21%
1 REZ IEM Oakland 2017
21%
1 XANTARES DreamHack Open Summer 2020: Europe
21%
1 Brollan ESL Pro League Season 11: Europe
19%
1 markeloff TECHLABS Cup 2013 Finals
19%
1 RUSH ELEAGUE Season 2
19%
1 seized StarLadder StarSeries IX
19%
3 yuurih ESL One: Road to Rio - North America
18%
1 dennis ESL Expo Barcelona
17%
1 syrsoN DreamHack Masters Spring 2020 - Europe
17%
2 valde DreamHack Open Valencia 2018
16%
1 felps DreamHack Summer 2016
15%
1 MSL DreamHack Masters Stockholm 2018
15%
1 swag ESEA Season 16 - Global Invite Division
14%
1 Maikelele Assembly Winter 2015
12%
1 Aerial BLAST Pro Series Madrid 2019
9%
1 ISSAA DreamHack Open Tours 2018
7%
1 SHiPZ WESG 2018 World Finals
5%
1 EspiranTo DreamHack Open Summer 2018
4%
1 AZK ESEA Global Finals Season 15
3%
No matching quizzes found
Score Distribution
Percent of People with Each Score
Percentile by Number Answered
Your Score History
You have not taken this quiz